UK Cabinet 2015 - Statistics

General Stats
  • This quiz has been taken 81 times
  • The average score is 15 of 30
Answer Stats
Post Minister % Correct
Prime Minister David Cameron
100%
Chancellor of the Exchequer George Osborne
100%
Secretary of State for the Home Department Theresa May
97%
Secretary of State for Justice Michael Gove
90%
Secretary of State for Health Jeremy Hunt
87%
Secretary of State for Foreign and Commonwealth Affairs Philip Hammond
79%
Secretary of State for Work and Pensions Iain Duncan Smith
75%
Secretary of State for Business, Innovation and Skills Sajid Javid
72%
Secretary of State for Education Nicky Morgan
69%
Secretary of State for Defence Michael Fallon
66%
Leader of the House of Commons Chris Grayling
51%
Secretary of State for Northern Ireland Theresa Villiers
51%
Minister of State for Employment Priti Patel
46%
Secretary of State for Environment, Food and Rural Affairs Elizabeth Truss
43%
Secretary of State for International Development Justine Greening
41%
Secretary of State for Energy and Climate Change Amber Rudd
39%
Secretary of State for Wales Stephen Crabb
39%
Secretary of State for Communities and Local Government Greg Clark
34%
Secretary of State for Culture, Media and Sport John Whittingdale
33%
Chancellor of the Duchy of Lancaster Oliver Letwin
26%
Minister of State for Business and Enterprise Anna Soubry
25%
Secretary of State for Scotland David Mundell
25%
Chief Whip Mark Harper
25%
Minister for the Cabinet Office Matthew Hancock
25%
Secretary of State for Transport Patrick McLoughlin
25%
Minister without Portfolio Robert Halfon
25%
Leader of the House of Lords Baroness Stowell of Beeston
23%
Chief Secretary to the Treasury Greg Hands
23%
Attorney General Jeremy Wright
16%
Minister of State at the Foreign & Commonwealth Office Baroness Anelay of St Johns
3%
No matching quizzes found
Score Distribution
Percent of People with Each Score
Percentile by Number Answered
Your Score History
You have not taken this quiz